00651na a2200217 450000100060000000300080000600500170001400800410003102000150007203500100008704000250009704100080012208200220013024501000015226000390025230000190029165000490031065000310035970000250039070000180041517023MIRAKIL20181213154918.0161021b tu 000 0  a9757380407 a17023 aMilasbturcTR-AnCHP atur a320.513bP67 1995 aPostmodernist burjuva liberalizmicThomas D. Dochherty...[ve öte.]; Türkçesi Yavuz Alogan aİstanbulbSarmal Yayınevic1995 a144 s.c19 sm. aSiyasal ideolojilerxÇağdaş liberalizm aPost modernizmxLiberalizm aDochherty, Thomas D. aAlagon, Yavuz